Central Library OPAC University of Rajshahi

Maronite historians of mediæval Lebanon / (Record no. 28491)

MARC details
000 -LEADER
fixed length control field 00856cam a2200277u 4500
001 - CONTROL NUMBER
control field 28491
003 - CONTROL NUMBER IDENTIFIER
rucl marc code BD-RjUL
005 - DATE AND TIME OF LATEST TRANSACTION
control field 20211209051305.0
008 - FIXED-LENGTH DATA ELEMENTS--GENERAL INFORMATION
fixed length control field 140330t1959 le b 001 0 eng d
035 ## - SYSTEM CONTROL NUMBER
System control number (BD-RjUL)28572
040 ## - CATALOGING SOURCE
Original cataloging agency DLC
Transcribing agency CarP
Modifying agency DLC
-- BD-RjUL
Language of cataloging eng
041 ## - LANGUAGE CODE
Language code of text/sound track or separate title eng
082 04 - DEWEY DECIMAL CLASSIFICATION NUMBER
Classification number 956.92
Author mark and year SAM 1959
100 1# - MAIN ENTRY--PERSONAL NAME
Personal name Salibi, Kamal S.
Fuller form of name (Kamal Suleiman),
Dates associated with a name 1929-2011.
9 (RLIN) 83523
245 10 - TITLE STATEMENT
Title Maronite historians of mediæval Lebanon /
Statement of responsibility, etc. by Kamal S. Salibi
260 ## - PUBLICATION, DISTRIBUTION, ETC. (IMPRINT)
Place of publication, distribution, etc. Beirut :
Name of publisher, distributor, etc. American University,
Date of publication, distribution, etc. 1959.
300 ## - PHYSICAL DESCRIPTION
Pagination 262 p. :
Illustrations ill. ;
Size 25 cm.
504 ## - BIBLIOGRAPHY, ETC. NOTE
Bibliography, etc includes index.
651 #0 - SUBJECT ADDED ENTRY--GEOGRAPHIC NAME
Geographic name Lebanon
General subdivision Historiography.
9 (RLIN) 87246
700 1# - ADDED ENTRY--PERSONAL NAME
Personal name Lewis, Bernard
830 #0 - SERIES ADDED ENTRY--UNIFORM TITLE
Volume number/sequential designation no. 34.
830 #0 - SERIES ADDED ENTRY--UNIFORM TITLE
Uniform title Publication of the Faculty of Arts and Sciences.
942 ## - ADDED ENTRY ELEMENTS (KOHA)
Source of classification or shelving scheme Dewey Decimal Classification
Koha item type Books
Holdings
Lost status Source of classification or shelving scheme Damaged status Not for loan Collection code Permanent Location Current Location Shelving location Date acquired Source of acquisition Cost, normal purchase price Total Checkouts Full call number Date last seen Copy number Koha item type
  Dewey Decimal Classification   Added to bundle Non-fiction Central Library, University of Rajshahi Central Library, University of Rajshahi Reading Room 02/04/1963 zeithinger 0.00   956.92 SAM 1959 30/03/2014 C-1 Books